000
nam a22 7a 4500
999
_c
233610
_d
233610
003
Nust
005
20170309114117.0
008
170309b xxu||||| |||| 00| 0 eng d
040
_c
dlc
082
_a
6
100
_a
Martin Tim
245
_a
Servuce Life of Pavements Context Review and Definition of Terms
942
_2
ddc
_c
BK